00339 a2200121 450000100060000004000240000624000200003024500180005065000250006894200070009395201000010099900170020068588 cAnchieta - Itaigara10aSpace Odysseyl10aSpace Odyssey 4aCiè‚ncias espaciais cMX 00104070a88.1b88.1d2023-11-21l0o500.5 SPAp116/ITAr2023-11-21 20:02:49w2023-11-21yMX c68588d68588